The Alphabet Game - Outer Banks Edition - Statistics

General Stats
  • This quiz has been taken 46 times
  • The average score is 12 of 23
Answer Stats
% Correct
K What Topper, Rafe, Kelce and many others are Kooks
82%
O An initialism for Outer Banks OBX
79%
P What the main characters are Pogues
79%
L JJ's dad Luke
76%
B What the 'B' in 'John B' stands for Booker
73%
V What 'the Twinkie' is Van
73%
M The country they travel to to find the crown Morocco
70%
W Sarah's little sister Wheezie
67%
A The transport JJ steals to get John B to escape Ambulance
61%
D Pope's ancestor who had a diary Denmark Tanny
61%
S The Kildare sheriff Shoupe
61%
E The place where they find the treasure that made them rich El Dorado
58%
I The type of deserted spot they were stranded on at the beginning of season 3 Island
58%
G JJ's biological dad Groff
55%
R The boat that sank and was supposed to have gold in it Royal Merchant
55%
Y Ward dies in an explosion in this type of boat Yacht
52%
T The merchant mariner friends with Cleo Terrance
48%
J How JJ was originally named Jackson
36%
N What they say to each other every time they are going to do something dangerous Nothing to lose
30%
C A large relic that promises to heal anyone who touches it Cross of Santo Domingo
24%
F What John B's father used to call him Fish
15%
H The girl who was murdered by JJ's biological dad Hollis
12%
Z When trying to get away from Ward's boat with the cross at season 2, they use this type of boat to escape Zodiac boat
12%
No matching quizzes found
Score Distribution
Percent of People with Each Score
Percentile by Number Answered
Your Score History
You have not taken this quiz